| 000 | 01784nam0a2200385 4500 | ||
|---|---|---|---|
| 001 | RU\NLR\BIBL_A\010852234 | ||
| 005 | 20260405070000.0 | ||
| 010 |
_a978-5-496-01468-7 _94000 |
||
| 021 |
_aRU _b2015-63276 _93770 |
||
| 035 | _a(NLR Aleph) 010852234 | ||
| 035 | _a(NILC)RuMoRGB-008001024 | ||
| 090 |
_a10378838 _c10378838 |
||
| 100 | _a20150929d2016 |||y0rusy50 ca | ||
| 101 | 1 |
_arus _cger |
|
| 102 | _aRU | ||
| 105 | _aa|||z|||000zy | ||
| 200 | 1 |
_aОсень _eнаходилки-развивалки _eна каждой странице спряталась мышка. Найди ее! _e[для детей младше 6 лет] _fБьянка Минте-Кениг, Ханс-Гюнтер Деринг _gпер. с нем. В. Соловьева _gхудож. С. Заматевская |
|
| 210 |
_aСанкт-Петербург [и др.] _cПитер _d2016 _d[т.е. 2015] |
||
| 215 |
_a[26] с. _cцв. ил. _d30 |
||
| 225 | 1 | _aСоответствует ФГОС | |
| 225 | 1 | _aСерия "Вы и ваш ребенок" | |
| 300 | _aФактическая дата выхода в свет - 2015 | ||
| 333 | _a2+ | ||
| 606 | 1 |
_aДошкольники _xОзнакомление с временами года _92111906 _3RU\NLR\AUTH\661276273 |
|
| 606 | 1 |
_aДошкольники _xОзнакомление с обычаями и обрядами _92491831 _3RU\NLR\AUTH\661478489 |
|
| 686 | 1 | _aЧ411.387 | |
| 700 | 1 |
_8rus _7ca _aМинте-Кениг _bБ. _f1947- _gБьянка _3RU\NLR\AUTH\7723613 _96666 |
|
| 701 | 1 |
_aДеринг _bХ.-Г. _gХанс-Гюнтер |
|
| 702 | 1 |
_aЗаматевская _bС. _4040 |
|
| 801 | 0 |
_aRU _bРГБ _c20150820 _gRCR |
|
| 942 | _cBOOK | ||
| 980 | _aNBR | ||
| 980 | _aNB | ||